[Event "Leca da Palmeira 2nd"]
[Site "Leca da Palmeira"]
[Date "2023.08.06"]
[Round "9"]
[White "Dionisi, Thomas"]
[Black "Campora, Daniel Hugo"]
[Result "1/2-1/2"]
[WhiteElo "2401"]
[BlackElo "2333"]
[PlyCount "67"]
[EventDate "2023.07.31"]
[EventType "swiss"]
[EventRounds "9"]
[EventCountry "POR"]
[SourceTitle "CBM 215 Extra"]
[Source "ChessBase"]
[SourceDate "2023.09.30"]
[SourceVersion "1"]
[SourceVersionDate "2023.09.30"]
[SourceQuality "1"]

1. e4 e5 2. Nf3 Nc6 3. Bb5 a6 4. Ba4 Nf6 5. d3 d6 6. c3 Bd7 7. 0-0 g6 8. h3 Bg7 9. Be3 0-0 10. Nbd2 Re8 11. b4 h6 12. Bb3 Be6 13. Bxe6 Rxe6 14. a4 Re8 15. b5 Na5 16. Qc2 Qd7 17. c4 b6 18. Nb1 Kh7 19. Nc3 Ra7 20. Nd2 axb5 21. axb5 Rea8 22. Ra2 Nb7 23. Rfa1 Ra6 24. Ra3 Rxa3 25. Rxa3 Rxa3 26. Na2 h5 27. Bg5 Ne8 28. Nf3 Nc5 29. Nb4 Ne6 30. Nd5 f6 31. Be3 Bh6 32. Bxh6 Kxh6 33. Qd2+ Kg7 34. Qd1 1/2-1/2

[Event "Leca da Palmeira 2nd"]
[Site "Leca da Palmeira"]
[Date "2023.08.05"]
[Round "8"]
[White "Bergsson, Stefan"]
[Black "Dionisi, Thomas"]
[Result "0-1"]
[WhiteElo "2169"]
[BlackElo "2401"]
[PlyCount "96"]
[EventDate "2023.07.31"]
[EventType "swiss"]
[EventRounds "9"]
[EventCountry "POR"]
[SourceTitle "CBM 215 Extra"]
[Source "ChessBase"]
[SourceDate "2023.09.30"]
[SourceVersion "1"]
[SourceVersionDate "2023.09.30"]
[SourceQuality "1"]

1. d4 Nf6 2. c4 e6 3. Nf3 b6 4. g3 Bb7 5. Bg2 Be7 6. 0-0 0-0 7. Nc3 Ne4 8. Bd2 Bf6 9. Re1 c5 10. d5 Bxc3 11. Bxc3 d6 12. Qd3 Nxc3 13. Qxc3 e5 14. e4 Nd7 15. Nh4 g6 16. Bh3 Bc8 17. Rf1 Nf6 18. Bxc8 Rxc8 19. Rae1 Nh5 20. Ng2 Qe7 21. f4 Rce8 22. Kh1 Qd7 23. f5 Nf6 24. Qe3 Kg7 25. Nh4 h6 26. h3 Qe7 27. Re2 g5 28. Ng2 Rb8 29. g4 Rh8 30. h4 Rbg8 31. h5 Rb8 32. a4 Qd7 33. b3 a6 34. Ra2 b5 35. cxb5 axb5 36. a5 Ra8 37. Qf3 Ra6 38. Rfa1 Rha8 39. Qe2 Qd8 40. Qxb5 Nxe4 41. f6+ Qxf6 42. Qd3 Rxa5 43. Qxe4 Rxa2 44. Re1 Qf2 45. Re3 Ra1+ 46. Kh2 R8a2 47. b4 cxb4 48. Rd3 Re2 0-1

[Event "FRA-chT Top 16 Gp Basse"]
[Site "Chartres"]
[Date "2023.06.11"]
[Round "4.1"]
[White "Flom, Gabriel"]
[Black "Dionisi, Thomas"]
[Result "1/2-1/2"]
[WhiteElo "2442"]
[BlackElo "2395"]
[PlyCount "69"]
[EventDate "2023.06.08"]
[EventType "team-tourn"]
[EventRounds "4"]
[EventCountry "FRA"]
[SourceTitle "CBM 214 Extra"]
[Source "ChessBase"]
[SourceDate "2023.07.31"]
[SourceVersion "1"]
[SourceVersionDate "2023.07.31"]
[SourceQuality "1"]
[WhiteTeam "Tremblay en France"]
[BlackTeam "St Quentin"]
[WhiteTeamCountry "FRA"]
[BlackTeamCountry "FRA"]

1. d4 Nf6 2. c4 e6 3. Nc3 Bb4 4. Qc2 0-0 5. e4 d6 6. a3 Bxc3+ 7. bxc3 e5 8. Bd3 c5 9. Ne2 Nc6 10. d5 Ne7 11. h4 Nh5 12. f3 f5 13. exf5 Bxf5 14. g4 Bxd3 15. Qxd3 Nf4 16. Nxf4 exf4 17. h5 Nc8 18. Bd2 Nb6 19. 0-0-0 Qd7 20. h6 g6 21. Rde1 Rae8 22. Rxe8 Rxe8 23. Re1 Rxe1+ 24. Bxe1 Qe7 25. Bd2 Qe5 26. Kd1 Kf7 27. Qb1 Nxc4 28. Qxb7+ Qe7 29. Qc8 Nxd2 30. Qh8 Qe3 31. Qxh7+ Kf6 32. Qh8+ Kg5 33. Qd8+ Kxh6 34. Qh8+ Kg5 35. Qd8+ 1/2-1/2

[Event "FRA-chT Top 16 Gp Basse"]
[Site "Chartres"]
[Date "2023.06.10"]
[Round "3.2"]
[White "Dionisi, Thomas"]
[Black "Brunner, Nicolas"]
[Result "1/2-1/2"]
[WhiteElo "2395"]
[BlackElo "2424"]
[PlyCount "49"]
[EventDate "2023.06.08"]
[EventType "team-tourn"]
[EventRounds "4"]
[EventCountry "FRA"]
[SourceTitle "CBM 214 Extra"]
[Source "ChessBase"]
[SourceDate "2023.07.31"]
[SourceVersion "1"]
[SourceVersionDate "2023.07.31"]
[SourceQuality "1"]
[WhiteTeam "St Quentin"]
[BlackTeam "Vandoeuvre"]
[WhiteTeamCountry "FRA"]
[BlackTeamCountry "FRA"]

1. e4 c5 2. Nf3 d6 3. d4 cxd4 4. Nxd4 Nf6 5. Nc3 a6 6. Be2 e5 7. Nb3 Be7 8. 0-0 0-0 9. Be3 Be6 10. Qd2 Nbd7 11. a4 Nb6 12. a5 Nc4 13. Bxc4 Bxc4 14. Rfd1 Rc8 15. Nc1 d5 16. Bb6 Qe8 17. exd5 Bb4 18. d6 Qd7 19. Nd3 Bxd6 20. Nxe5 Bxe5 21. Qxd7 Nxd7 22. Rxd7 Bxc3 23. bxc3 Bb5 24. Rxb7 Rxc3 25. Rc7 1/2-1/2

[Event "FRA-chT Top 16 Gp Basse"]
[Site "Chartres"]
[Date "2022.06.19"]
[Round "4.1"]
[White "Vlachos, Anatole"]
[Black "Dionisi, Thomas"]
[Result "1-0"]
[WhiteElo "2431"]
[BlackElo "2410"]
[PlyCount "97"]
[EventDate "2022.06.16"]
[EventType "team-tourn"]
[EventRounds "4"]
[EventCountry "FRA"]
[SourceTitle "CBM 208 Extra"]
[Source "ChessBase"]
[SourceDate "2022.07.31"]
[SourceVersion "1"]
[SourceVersionDate "2022.07.31"]
[SourceQuality "1"]
[WhiteTeam "Tremblay en France"]
[BlackTeam "St Quentin"]
[WhiteTeamCountry "FRA"]
[BlackTeamCountry "FRA"]

1. e4 e5 2. Nf3 Nc6 3. Bb5 a6 4. Ba4 Bc5 5. c3 Nge7 6. d4 exd4 7. cxd4 Bb4+ 8. Bd2 Bxd2+ 9. Qxd2 d5 10. exd5 Qxd5 11. 0-0 Be6 12. Nc3 Qa5 13. Ne5 0-0 14. Bxc6 Nxc6 15. Nxc6 bxc6 16. Rfe1 Rfd8 17. Rad1 Qb4 18. b3 h6 19. Na4 Qd6 20. Nc5 Bd5 21. f3 Qf6 22. Re5 Re8 23. Rxe8+ Rxe8 24. Nxa6 Qd6 25. Nc5 Qg6 26. Rf1 h5 27. a4 h4 28. h3 Be6 29. Kh1 Bf5 30. Re1 Rd8 31. Qf2 Qh6 32. a5 Qf4 33. a6 Rxd4 34. Qe3 Qg3 35. Qxd4 Qxe1+ 36. Qg1 Qc3 37. a7 Qa5 38. Na4 Be6 39. Qe3 c5 40. Qxc5 Qe1+ 41. Qg1 Qa5 42. Qe3 Bd5 43. Qe8+ Kh7 44. Qe5 g6 45. Nc3 Qa1+ 46. Kh2 Bxf3 47. Qxc7 Kg7 48. gxf3 Qe1 49. Ne4 1-0

[Event "FRA-chT Top 16 GpB"]
[Site "Chartres"]
[Date "2022.06.11"]
[Round "3.2"]
[White "Savina, Anastasia"]
[Black "Dionisi, Thomas"]
[Result "1-0"]
[WhiteElo "2358"]
[BlackElo "2410"]
[PlyCount "87"]
[EventDate "2022.06.09"]
[EventType "team-tourn"]
[EventRounds "7"]
[EventCountry "FRA"]
[SourceTitle "CBM 208 Extra"]
[Source "ChessBase"]
[SourceDate "2022.07.31"]
[SourceVersion "1"]
[SourceVersionDate "2022.07.31"]
[SourceQuality "1"]
[WhiteTeam "Vandoeuvre"]
[BlackTeam "St Quentin"]
[WhiteTeamCountry "FRA"]
[BlackTeamCountry "FRA"]

1. d4 Nf6 2. c4 e6 3. Nc3 Bb4 4. e3 0-0 5. Bd2 b6 6. Bd3 Bb7 7. Nf3 d5 8. cxd5 exd5 9. Rc1 a6 10. Ne5 Bd6 11. f4 c5 12. 0-0 Nc6 13. Ng4 Be7 14. Nxf6+ Bxf6 15. dxc5 bxc5 16. b3 d4 17. Ne4 dxe3 18. Nxf6+ Qxf6 19. Bxe3 Rfd8 20. Bxc5 Nd4 21. Kh1 Rd7 22. Qh5 g6 23. Qh3 Rad8 24. f5 g5 25. Bc4 Nb5 26. Rce1 Rd2 27. Rf2 Rxf2 28. Bxf2 Nc3 29. Qg4 Nd5 30. Bd4 Qh6 31. Be5 Re8 32. Bxd5 Bxd5 33. h3 f6 34. Bc3 Rxe1+ 35. Bxe1 Qf8 36. Qd4 Qd6 37. Bc3 Qc6 38. Kh2 Bxg2 39. Qd8+ Kg7 40. Qe7+ Kh6 41. Qf8+ Kh5 42. Qf7+ Kh6 43. Bb4 g4 44. Bd2# 1-0

[Event "FRA-ch Blitz"]
[Site "Port Marly"]
[Date "2022.05.28"]
[Round "7"]
[White "Dionisi, Thomas"]
[Black "David, Alberto"]
[Result "0-1"]
[WhiteElo "2408"]
[BlackElo "2520"]
[PlyCount "88"]
[EventDate "2022.05.28"]
[EventType "swiss (blitz)"]
[EventRounds "13"]
[EventCountry "FRA"]
[SourceTitle "CBM 208 Extra"]
[Source "ChessBase"]
[SourceDate "2022.07.31"]
[SourceVersion "1"]
[SourceVersionDate "2022.07.31"]
[SourceQuality "1"]

1. e4 c6 2. d4 d5 3. Nc3 dxe4 4. Nxe4 Nf6 5. Nxf6+ exf6 6. c3 Bd6 7. Bd3 0-0 8. Qc2 Re8+ 9. Ne2 h5 10. 0-0 Nd7 11. Bd2 Nf8 12. Rae1 h4 13. h3 Be6 14. f4 b5 15. f5 Bc4 16. Bxc4 bxc4 17. Qa4 Qb6 18. Bc1 Qb5 19. Qxb5 cxb5 20. Bf4 Rad8 21. Bxd6 Rxd6 22. Nf4 Rb8 23. Re7 Rd7 24. Rfe1 a5 25. R1e4 b4 26. Rxd7 Nxd7 27. Nd5 Rb5 28. Ne3 a4 29. Nxc4 a3 30. cxb4 axb2 31. Nxb2 Rxb4 32. Nd3 Ra4 33. Rxh4 Nb6 34. Re4 Rxa2 35. Nf4 Rd2 36. Kf1 Kf8 37. Ke1 Ra2 38. g4 Ra5 39. Ke2 Nc4 40. d5 Nd6 41. Re3 Ra4 42. Kf3 Nc4 43. Rc3 Nd2+ 44. Ke3 Nf1+ 0-1

[Event "Sitges Sunway op 8th"]
[Site "Sitges"]
[Date "2021.12.17"]
[Round "5"]
[White "Iniyan, Panneerseluam"]
[Black "Dionisi, Thomas"]
[Result "0-1"]
[WhiteElo "2555"]
[BlackElo "2396"]
[PlyCount "68"]
[EventDate "2021.12.13"]
[EventType "swiss"]
[EventRounds "10"]
[EventCountry "ESP"]
[SourceTitle "CBM 205 Extra"]
[Source "ChessBase"]
[SourceDate "2022.01.31"]
[SourceVersion "1"]
[SourceVersionDate "2022.01.31"]
[SourceQuality "1"]

1. d4 Nf6 2. c4 e6 3. Nc3 Bb4 4. f3 c5 5. d5 d6 6. e4 0-0 7. Nge2 b5 8. Nf4 exd5 9. Nfxd5 Nxd5 10. Qxd5 Qb6 11. Bf4 Be6 12. Qxd6 Qa5 13. Bd2 Rd8 14. Qf4 bxc4 15. a3 Qa6 16. Ra2 Ba5 17. b4 Bb6 18. b5 Qb7 19. Nd5 Bxd5 20. exd5 Re8+ 21. Kf2 c3 22. Bxc3 c4+ 23. Kg3 Nd7 24. Re2 Nf8 25. d6 Ne6 26. Qxc4 Rac8 27. Qd3 Qd7 28. Bb4 Nd4 29. Rxe8+ Rxe8 30. h3 Re3 31. Qb1 Qe6 32. Bd3 Qe5+ 33. Kf2 Rxd3 34. Qxd3 Nf5+ 0-1

[Event "Bassano del Grappa Vergani Cup 5th"]
[Site "Bassano del Grappa"]
[Date "2020.12.30"]
[Round "8"]
[White "Lumachi, Gabriele"]
[Black "Dionisi, Thomas"]
[Result "1/2-1/2"]
[WhiteElo "2297"]
[BlackElo "2418"]
[PlyCount "70"]
[EventDate "2020.12.26"]
[EventType "swiss"]
[EventRounds "9"]
[EventCountry "ITA"]
[SourceTitle "CBM 200 Extra"]
[Source "ChessBase"]
[SourceDate "2021.03.31"]
[SourceVersion "1"]
[SourceVersionDate "2021.03.31"]
[SourceQuality "1"]

1. d4 Nf6 2. c4 e6 3. Nc3 Bb4 4. Nf3 c5 5. g3 Ne4 6. Qd3 Qa5 7. Qxe4 Bxc3+ 8. Bd2 Bxd2+ 9. Nxd2 0-0 10. dxc5 Na6 11. a3 Nxc5 12. Qe3 Na6 13. Bg2 d5 14. Rd1 dxc4 15. 0-0 Qb5 16. Qc3 Bd7 17. Nxc4 Bc6 18. Nd6 Qb6 19. Qd4 Qxd4 20. Rxd4 Bxg2 21. Kxg2 b6 22. Nb5 Nc5 23. b4 Na4 24. Rd7 a6 25. Na7 g6 26. Rc1 Rfd8 27. Rcc7 Rxd7 28. Rxd7 b5 29. Rb7 Nb2 30. Nc6 Nc4 31. h4 Kf8 32. Nb8 Nd6 33. Rb6 Nc4 34. Rb7 Nd6 35. Rb6 Nc4 1/2-1/2

[Event "Bassano del Grappa Vergani Cup 5th"]
[Site "Bassano del Grappa"]
[Date "2020.12.28"]
[Round "4"]
[White "Caprino, Marco"]
[Black "Dionisi, Thomas"]
[Result "1/2-1/2"]
[WhiteElo "2074"]
[BlackElo "2418"]
[PlyCount "45"]
[EventDate "2020.12.26"]
[EventType "swiss"]
[EventRounds "9"]
[EventCountry "ITA"]
[SourceTitle "CBM 200 Extra"]
[Source "ChessBase"]
[SourceDate "2021.03.31"]
[SourceVersion "1"]
[SourceVersionDate "2021.03.31"]
[SourceQuality "1"]

1. d4 f5 2. d5 Nf6 3. g3 g6 4. Bg2 Bg7 5. Nh3 0-0 6. 0-0 d6 7. c4 c6 8. Nc3 e5 9. dxe6 Bxe6 10. Qd3 Ng4 11. Ng5 Qe7 12. b3 Na6 13. Bf4 Rad8 14. Nxe6 Qxe6 15. h3 Ne5 16. Qd2 Nc5 17. Rad1 Nf7 18. Be3 Rfe8 19. Bd4 Be5 20. Rfe1 a5 21. e4 Bxd4 22. Qxd4 Qe5 23. Qd2 1/2-1/2

[Event "Bassano del Grappa Vergani Cup 5th"]
[Site "Bassano del Grappa"]
[Date "2020.12.27"]
[Round "3"]
[White "Dionisi, Thomas"]
[Black "Mendonca, Leon Luke"]
[Result "0-1"]
[WhiteElo "2418"]
[BlackElo "2516"]
[PlyCount "78"]
[EventDate "2020.12.26"]
[EventType "swiss"]
[EventRounds "9"]
[EventCountry "ITA"]
[SourceTitle "CBM 200 Extra"]
[Source "ChessBase"]
[SourceDate "2021.03.31"]
[SourceVersion "1"]
[SourceVersionDate "2021.03.31"]
[SourceQuality "1"]

1. e4 c5 2. Nf3 d6 3. d4 cxd4 4. Nxd4 Nf6 5. Nc3 a6 6. Be2 e5 7. Nb3 Be7 8. 0-0 0-0 9. Be3 Be6 10. Qd2 Nbd7 11. a4 Nb6 12. a5 Nc4 13. Bxc4 Bxc4 14. Rfd1 Rc8 15. Nc1 Be6 16. f3 Rc4 17. b3 Rc8 18. Bb6 Qd7 19. N1a2 Qc6 20. Rac1 Rfe8 21. Kh1 h6 22. Nd5 Bxd5 23. exd5 Qd7 24. c4 e4 25. Rf1 exf3 26. Rxf3 Ne4 27. Qd3 Bg5 28. Rd1 Bf6 29. Kg1 Re7 30. Qc2 Rce8 31. Re3 Bg5 32. Re2 Qg4 33. h3 Qg3 34. Qd3 Qh4 35. b4 Bf4 36. c5 dxc5 37. bxc5 Nxc5 38. Rxe7 Qxe7 39. d6 Be3+ 0-1

[Event "Titled Tuesday intern op 19th May"]
[Site "Chess.com INT"]
[Date "2020.05.19"]
[Round "8"]
[White "Dionisi, Thomas"]
[Black "Kislov, Oleg"]
[Result "1-0"]
[WhiteElo "2417"]
[BlackElo "2249"]
[PlyCount "77"]
[EventDate "2020.05.19"]
[EventType "swiss (blitz)"]
[EventRounds "10"]
[EventCountry "USA"]
[SourceTitle "EXT 2021"]
[Source "ChessBase"]
[SourceDate "2020.10.23"]
[SourceVersion "1"]
[SourceVersionDate "2020.10.23"]
[SourceQuality "1"]

1. b3 e5 2. Bb2 Nc6 3. e3 Nf6 4. Bb5 d6 5. Ne2 Bd7 6. f4 exf4 7. Nxf4 Bg4 8. Be2 Bxe2 9. Qxe2 Be7 10. Nc3 0-0 11. Ncd5 Ne5 12. 0-0 c6 13. Nxe7+ Qxe7 14. Nd3 Ne4 15. Nxe5 dxe5 16. d3 Nd6 17. e4 f6 18. Qe3 b6 19. a4 c5 20. a5 Nb5 21. Qd2 Nd4 22. Ra3 b5 23. Raa1 Rfd8 24. Qf2 a6 25. h3 Rac8 26. Rfd1 Rd7 27. Kh1 Qd8 28. Bc3 c4 29. dxc4 b4 30. Bxb4 Nc6 31. Rxd7 Qxd7 32. Bc3 Rd8 33. Kh2 Nd4 34. Bxd4 exd4 35. Rd1 Qc7+ 36. Qg3 Qxa5 37. Rd3 Qe5 38. Qxe5 fxe5 39. c3 1-0

[Event "Titled Tuesday intern op 19th May"]
[Site "Chess.com INT"]
[Date "2020.05.19"]
[Round "3"]
[White "Yanchenko, Roman"]
[Black "Dionisi, Thomas"]
[Result "1-0"]
[WhiteElo "2467"]
[BlackElo "2417"]
[PlyCount "67"]
[EventDate "2020.05.19"]
[EventType "swiss (blitz)"]
[EventRounds "10"]
[EventCountry "USA"]
[SourceTitle "EXT 2021"]
[Source "ChessBase"]
[SourceDate "2020.10.23"]
[SourceVersion "1"]
[SourceVersionDate "2020.10.23"]
[SourceQuality "1"]

1. d4 f5 2. c4 Nf6 3. g3 g6 4. Bg2 Bg7 5. b3 0-0 6. Bb2 d6 7. Nf3 Qe8 8. 0-0 Na6 9. Re1 c6 10. Nbd2 Ne4 11. e3 Nxd2 12. Qxd2 e5 13. dxe5 dxe5 14. Qd6 e4 15. Bxg7 Kxg7 16. Ne5 Rf6 17. Qd4 c5 18. Qc3 Kg8 19. Red1 Re6 20. Rd5 Nc7 21. Rxc5 Na6 22. Rd5 Nc7 23. f4 Nxd5 24. cxd5 Rd6 25. Bf1 Qd8 26. Rc1 Bd7 27. Qc7 Be8 28. Qxb7 Rb8 29. Qxa7 Qb6 30. Qxb6 Rbxb6 31. Rc8 Kf8 32. Bc4 Ke7 33. Rc7+ Bd7 34. a4 1-0

[Event "FRA-ch blitz"]
[Site "Le Blanc Mesnil"]
[Date "2019.06.01"]
[Round "5"]
[White "Dionisi, Thomas"]
[Black "Firouzja, Alireza"]
[Result "0-1"]
[WhiteElo "2405"]
[BlackElo "2682"]
[PlyCount "98"]
[EventDate "2019.06.01"]
[EventType "swiss (blitz)"]
[EventRounds "23"]
[EventCountry "FRA"]
[SourceTitle "CBM 190 Extra"]
[Source "ChessBase"]
[SourceDate "2019.07.15"]
[SourceVersion "1"]
[SourceVersionDate "2019.07.15"]
[SourceQuality "1"]

1. e4 c5 2. Nf3 d6 3. d4 cxd4 4. Nxd4 Nf6 5. Nc3 a6 6. Be2 e5 7. Nb3 Be7 8. 0-0 0-0 9. Be3 Nbd7 10. a4 b6 11. Nc1 Bb7 12. f3 Rc8 13. N1a2 Rc7 14. Qd2 Qa8 15. Rfd1 Rfc8 16. Rac1 h6 17. Nb4 Bf8 18. Qe1 Nc5 19. Qf1 a5 20. Nba2 Bc6 21. b3 d5 22. exd5 Nxd5 23. Nxd5 Bxd5 24. Nc3 Be6 25. Nb5 Rc6 26. f4 exf4 27. Bxf4 Ne4 28. Bf3 Bc5+ 29. Nd4 Bf5 30. Kh1 Bxd4 31. Rxd4 Rxc2 32. Rxc2 Rxc2 33. Qe1 Rc8 34. Bxe4 Re8 35. h3 Bxe4 36. Qg3 Bg6 37. Rd2 Qe4 38. Kh2 Kh7 39. Bc7 Qc6 40. Bf4 Re4 41. Qf2 b5 42. axb5 Qxb5 43. Qf3 Rb4 44. Rf2 Rxb3 45. Qe2 Qb7 46. Qd2 a4 47. Be5 a3 48. Ba1 Qc7+ 49. g3 Qxg3+ 0-1